Bài giảng văn học thiếu nhi
Spremljeno u:
| Glavni autor: | |
|---|---|
| Format: | Knjiga |
| Izdano: |
Huế
Đại học sư phạm
2008
|
| Teme: | |
| Oznake: |
Dodaj oznaku
Bez oznaka, Budi prvi tko označuje ovaj zapis!
|
| Thư viện lưu trữ: | Trung tâm Học liệu Lê Vũ Hùng, Trường Đại học Đồng Tháp |
|---|
| LEADER | 00687pam a22002178a 4500 | ||
|---|---|---|---|
| 001 | 00038167 | ||
| 005 | 20171110091131.0 | ||
| 008 | 170515s2008 ||||||Viesd | ||
| 041 | 0 | # | |a Vie |
| 082 | 1 | 4 | |a 895.922 09 |b B103GI |
| 100 | 1 | # | |a Lê, Thị Hoài Nam |
| 245 | 1 | 0 | |a Bài giảng văn học thiếu nhi |c Lê Thị Hoài Nam |
| 260 | # | # | |a Huế |b Đại học sư phạm |c 2008 |
| 300 | # | # | |a 131 tr. |c 24 cm |
| 653 | # | # | |a Bài giảng |
| 653 | # | # | |a thiếu nhi |
| 653 | # | # | |a văn học |
| 852 | # | # | |b Kho đọc |j KD.1001280 |
| 852 | # | # | |j KGT.0053184 |j KD.0021208 |
| 910 | |d 15/05/2017 | ||
| 980 | # | # | |a Trung tâm Học liệu Lê Vũ Hùng, Trường Đại học Đồng Tháp |